Library Banner

Intermediate accounting / (Record no. 124236)

MARC details
000 -LEADER
fixed length control field 00622pam a2200229 a 4500
001 - CONTROL NUMBER
control field 1861472
005 - DATE AND TIME OF LATEST TRANSACTION
control field 20211007092556.0
008 - FIXED-LENGTH DATA ELEMENTS--GENERAL INFORMATION
fixed length control field 821213s1983 nyu b 001 0 eng
020 ## - INTERNATIONAL STANDARD BOOK NUMBER
International Standard Book Number 9781119503682
040 ## - CATALOGING SOURCE
Transcribing agency PK-LaUMT
082 00 - DEWEY DECIMAL CLASSIFICATION NUMBER
Classification number 657.044076
Item number KIE-I
100 1# - MAIN ENTRY--PERSONAL NAME
Personal name Kieso, Donald E.
245 10 - TITLE STATEMENT
Title Intermediate accounting /
Statement of responsibility, etc by Donald E. Kieso, Jerry J. Weygandt and Terry D. Warfield
250 ## - EDITION STATEMENT
Edition statement 4th ed.
260 ## - PUBLICATION, DISTRIBUTION, ETC. (IMPRINT)
Place of publication, distribution, etc New York :
Name of publisher, distributor, etc Wiley,
Date of publication, distribution, etc 2020
300 ## - PHYSICAL DESCRIPTION
Extent var ;
Dimensions 25 cm.
650 #0 - SUBJECT ADDED ENTRY--TOPICAL TERM
Topical term or geographic name as entry element Accounting.
650 #0 - SUBJECT ADDED ENTRY--TOPICAL TERM
Topical term or geographic name as entry element Income statement
650 #0 - SUBJECT ADDED ENTRY--TOPICAL TERM
Topical term or geographic name as entry element Investments
700 1# - ADDED ENTRY--PERSONAL NAME
Personal name Weygandt, Jerry J.
942 ## - ADDED ENTRY ELEMENTS (KOHA)
Koha item type Books
Holdings
Withdrawn status Lost status Damaged status Home library Current library Date acquired Full call number Barcode Date last seen Price effective from Koha item type
      UMT Main Campus UMT Main Campus 2021-10-07 657.044076 KIE-I 138882 2021-10-07 2021-10-07 Books